00793nam a22002297a 450000500170000001000150001702000270003202000150005903500140007403700090008808200080009710000310010524500700013625000060020626000470021227000330025930000370029270000350032994200220036499900190038695201580040520250610115401.0 aENG-145261 a9788121997645c1100.00 a812199764x aEN-128793 bDBAD a921 aTanwar, Raghuvendra981825 aBansi Lal:bLife & Times/cRaghuvendra Tanwar [and] Saroj Siwatch a1 aNew DelhibS Chand And Company Pvt Limited bNew DelhiaRam Nagare110055 axx, 251p.c26cm (hb)bIndex, ill aSiwatch, Saroj eAuthor977225 2ddccENh921mTAN c211690d211690 001040718NFICaDBADbDBADd2025-06-10eDelivery of Books Act Divisiong1100.00l0o921 TANpEN-128793r2025-06-10 00:00:00t1v1100.00w2025-06-10yEN